Pomôcky na cvičenia z betónových konštrukcií : pre odbor pozemné stavby

Gespeichert in:
Bibliographische Detailangaben
1. Verfasser: Vrabec, Jozef (Verfasst von)
Format: Buch
Sprache:Slowakisch
Veröffentlicht: Bratislava : Alfa, 1983
Tags: Tag hinzufügen
Keine Tags, Fügen Sie das erste Tag hinzu!

MARC

LEADER 00000nam a22000003a 4500
001 stu87261
005 20150617225629.9
008 040528s1983----cs------------------slo-d
040 |a STU  |b slo 
041 0 |a slo 
044 |a cs 
080 |a 624.012.3/.4(075.8) 
100 1 |a Vrabec, Jozef  |4 aut 
245 1 |a Pomôcky na cvičenia z betónových konštrukcií :  |b pre odbor pozemné stavby 
260 |a Bratislava :  |b Alfa,  |c 1983 
300 |a 189 s 
996 |b 284V025569  |c V*15319/S-83  |l VVS  |s A  |a 24  |w stu87261_0001 
996 |b 284V025570  |c V*15326/S-83  |l VVS  |s A  |a 24  |w stu87261_0002 
996 |b 284V003368  |c V*29366/S-88  |l VVS  |s A  |a 24  |w stu87261_0003 
996 |b 284V003409  |c V*29390/S-88  |l VVS  |s A  |a 24  |w stu87261_0007 
996 |b 284V003377  |c V*29391/S-88  |l VVS  |s A  |a 24  |w stu87261_0008